Most Buddhist Countries (by number) - Statistics

General Stats
  • This quiz has been taken 308 times
  • The average score is 15 of 17
Answer Stats
Answer % Correct
China
99%
India
97%
Japan
95%
Thailand
95%
Laos
94%
Burma
92%
Vietnam
92%
Cambodia
91%
Indonesia
90%
Malaysia
90%
South Korea
90%
Nepal
87%
Sri Lanka
85%
United States
85%
Singapore
81%
Taiwan
79%
North Korea
70%
No matching quizzes found
Score Distribution
Percent of People with Each Score
Percentile by Number Answered
Your Score History
You have not taken this quiz